MIKA Trivia - Statistics

General Stats
  • This quiz has been taken 15 times
  • The average score is 11 of 15
Answer Stats
Hint Answer % Correct
7. Finish the song title: Relax, take it ____ Easy
100%
5. What is his most streamed song? (Spotify) Grace Kelly
100%
2. What year was he born? 1983
93%
6. What year did his first full length album come out? 2007
93%
11. What age did MIKA move to London? 9
93%
4. Where was he born? (Country) Lebanon
93%
9. In which album would you find: Blame It On The Girls? The Boy Who Knew Too Much
86%
3. What was his first full length album? Life in Cartoon Motion
79%
8. What is Mika’s most viewed video on YouTube? Popular Song
71%
1. What is Mika’s full name? Michael Holbrook Penniman Jr.
64%
10. What is the name of the album MIKA released in 2023? Que ta tête fleurisse toujours
64%
13. The lyrics ‘A watering hole with the girls around’ can be found in what song? Big Girl (You are Beautiful)
57%
15. Which music video of MIKA’s heavily includes ice skating? Jane Birkin
50%
14. The lyrics ‘If I fall asleep, will it be over?’ can be found in what song? Dr. John
36%
12. MIKA studied at the Royal _____ in London Opera
21%
No matching quizzes found
Score Distribution
Percent of People with Each Score
Percentile by Number Answered
Your Score History
You have not taken this quiz